000 00818nam a22002537a 4500
001 3743
003 FISKH
005 20260325124825.0
008 240429b cb ||||| |||| 00| 0 eng d
020 _a9780763648558
040 _aFISK
_beng
_cFISK
_dFISK
050 _aPZ7.M478419
082 _a813.6
100 _aMcDonald Megan
_d1959-
245 _aJudy moody goes to college /
_cMegan McDonald
260 _aBerryville :
_bPaperback,
_c2010
300 _a129 pages :
_billustrations,
_c19 cm
505 _aN
520 _aWhen her substitute teacher realizes she is struggling in math, Judy is sent to a math tutor at the local college and soon is completely into the spirit of college life.
521 8 _a590
_bLexiles
700 _aMegan McDonald
942 _2lcc
_cBK
_n0
999 _c3743
_d3743